[Event "BCF-chT4 2223 (4NCL)"]
[Site "England"]
[Date "2023.02.04"]
[Round "5.93"]
[White "Jayawarna, Tarini"]
[Black "Downham, Alan"]
[Result "1-0"]
[WhiteElo "1538"]
[BlackElo "1903"]
[PlyCount "51"]
[EventDate "2022.11.05"]
[EventType "team-swiss"]
[EventRounds "11"]
[EventCountry "ENG"]
[SourceTitle "EXT 2024"]
[Source "ChessBase"]
[SourceDate "2023.10.10"]
[SourceVersion "1"]
[SourceVersionDate "2023.10.10"]
[SourceQuality "1"]
[WhiteTeam "She Plays To Win Lionesses"]
[BlackTeam "Iceni II"]
[WhiteTeamCountry "ENG"]
[BlackTeamCountry "ENG"]

1. e4 d6 2. d4 Nf6 3. Nc3 Nbd7 4. Bc4 e5 5. Nge2 Be7 6. 0-0 0-0 7. h3 c6 8. Re1 Re8 9. Be3 Nf8 10. Qd3 h6 11. Rad1 Qc7 12. Ng3 g5 13. Qe2 b5 14. Bb3 Ng6 15. Nh5 Nxh5 16. Qxh5 Kg7 17. Ne2 c5 18. dxc5 dxc5 19. Bd5 Rb8 20. Rf1 Rf8 21. g3 Bd7 22. f4 gxf4 23. gxf4 exf4 24. Nxf4 Nxf4 25. Bxf4 Qb6 26. Bxb8 1-0

[Event "ENG-ch U16"]
[Site "Torquay"]
[Date "2022.08.09"]
[Round "2"]
[White "Jayawarna, Tarini"]
[Black "Tomy, Jeff"]
[Result "0-1"]
[WhiteElo "1476"]
[BlackElo "1495"]
[PlyCount "106"]
[EventDate "2022.08.08"]
[EventType "swiss"]
[EventRounds "7"]
[EventCountry "ENG"]
[SourceTitle "EXT 2023"]
[Source "ChessBase"]
[SourceDate "2022.10.05"]
[SourceVersion "1"]
[SourceVersionDate "2022.10.05"]
[SourceQuality "1"]

1. e4 c5 2. Nf3 Nc6 3. d4 cxd4 4. Nxd4 Nf6 5. Nc3 e5 6. Ndb5 d6 7. Bg5 a6 8. Na3 b5 9. Nd5 Be7 10. Bxf6 Bxf6 11. c3 Bg5 12. Nc2 0-0 13. a4 bxa4 14. Rxa4 f5 15. Bd3 fxe4 16. Bxe4 Rb8 17. Ra2 Na5 18. Nce3 Be6 19. Qh5 Bh6 20. Nf5 Rxf5 21. Qg4 Bxd5 22. Bxd5+ Rf7 23. Bxf7+ Kxf7 24. Qa4 Rb5 25. 0-0 Qb6 26. b4 Nc4 27. Qxa6 Qxa6 28. Rxa6 Bd2 29. Rc6 d5 30. Ra1 Rb7 31. Raa6 Bxc3 32. b5 h6 33. b6 Kg8 34. h4 Bd4 35. Rc7 Rxb6 36. Ra8+ Kh7 37. h5 Rb1+ 38. Kh2 Nb6 39. Rd8 e4 40. Rb7 Rb2 41. Rbb8 Be5+ 42. Kh3 Bxb8 43. Rxb8 Nc4 44. Rxb2 Nxb2 45. Kg4 Nd3 46. Kg3 g6 47. f4 e3 48. Kf3 Nxf4 49. Kxe3 Nxh5 50. Kd4 Nf6 51. Ke5 g5 52. Kd4 Kg6 53. g4 h5 0-1

[Event "Harrogate 4NCL op 24th"]
[Site "Harrogate"]
[Date "2020.01.19"]
[Round "4"]
[White "Bowman, Richard L"]
[Black "Jayawarna, Tarini"]
[Result "1-0"]
[WhiteElo "1740"]
[BlackElo "1564"]
[PlyCount "117"]
[EventDate "2020.01.17"]
[EventType "swiss"]
[EventRounds "5"]
[EventCountry "ENG"]
[SourceTitle "CBM 195 Extra"]
[Source "ChessBase"]
[SourceDate "2020.05.31"]
[SourceVersion "1"]
[SourceVersionDate "2020.05.31"]
[SourceQuality "1"]

1. d4 Nf6 2. c4 g6 3. Nc3 Bg7 4. e4 d6 5. Be2 0-0 6. Be3 Nc6 7. g4 e5 8. d5 Nd4 9. g5 Nd7 10. h4 Qe7 11. h5 a6 12. hxg6 fxg6 13. a4 b6 14. Bg4 Bb7 15. Ra3 Rae8 16. Kd2 c6 17. Qf1 Nc5 18. Qd1 a5 19. Kc1 cxd5 20. Nxd5 Bxd5 21. exd5 Ne4 22. Bxd4 exd4 23. Be6+ Kh8 24. Rxh7+ Kxh7 25. Rh3+ Bh6 26. Rxh6+ Kg7 27. Qxd4+ Nf6 28. Qd3 Ne4 29. Qd4+ Nf6 30. gxf6+ Qxf6 31. Qxf6+ Rxf6 32. Rh2 Ref8 33. f3 Rf4 34. b3 Kf6 35. Bg4 Ke5 36. Ne2 R4f7 37. Rh6 Kf6 38. Nd4 Kg7 39. Rh2 Re8 40. Ne6+ Kf6 41. Kd2 Ree7 42. Ke3 Rh7 43. Rb2 g5 44. b4 Rb7 45. Kd4 Rhd7 46. b5 Re7 47. Rf2 Rb8 48. Rh2 Kg6 49. Ke4 Rf8 50. Kd4 Rg8 51. Rh5 Kf6 52. Rh6+ Rg6 53. Rh8 Rb7 54. Bh5 Rgg7 55. Rh6+ Rg6 56. Rxg6+ Kf5 57. Rxg5+ Kf6 58. Rg6+ Kf5 59. Rh6 1-0

[Event "GBR-ch U12 106th"]
[Site "Torquay"]
[Date "2019.07.31"]
[Round "4"]
[White "Jayawarna, Tarini"]
[Black "Dharmasena, Kian"]
[Result "0-1"]
[WhiteElo "1337"]
[BlackElo "1548"]
[PlyCount "23"]
[EventDate "2019.07.28"]
[EventType "swiss"]
[EventRounds "7"]
[EventCountry "ENG"]
[SourceTitle "EXT 2020"]
[Source "ChessBase"]
[SourceDate "2019.10.17"]
[SourceVersion "1"]
[SourceVersionDate "2019.10.17"]
[SourceQuality "1"]

1. e4 e5 2. Nf3 Nc6 3. Bb5 Nf6 4. 0-0 d6 5. Re1 Be7 6. c3 0-0 7. h3 a6 8. Ba4 b5 9. Bb3 Bb7 10. d4 exd4 11. cxd4 Na5 12. Bc2 0-1

[Event "GBR-ch U12 106th"]
[Site "Torquay"]
[Date "2019.07.30"]
[Round "3"]
[White "Harandi, Teymour"]
[Black "Jayawarna, Tarini"]
[Result "0-1"]
[WhiteElo "1487"]
[BlackElo "1337"]
[PlyCount "103"]
[EventDate "2019.07.28"]
[EventType "swiss"]
[EventRounds "7"]
[EventCountry "ENG"]
[SourceTitle "EXT 2020"]
[Source "ChessBase"]
[SourceDate "2019.10.17"]
[SourceVersion "1"]
[SourceVersionDate "2019.10.17"]
[SourceQuality "1"]

1. e4 e6 2. d4 d5 3. Nd2 c5 4. exd5 Qxd5 5. Ngf3 cxd4 6. Bc4 Qd6 7. Nb3 Nc6 8. 0-0 Nf6 9. Nbxd4 Nxd4 10. Qxd4 Qxd4 11. Nxd4 a6 12. Bf4 Bc5 13. Nb3 Bb6 14. Rad1 0-0 15. Be5 Ng4 16. Bd4 Bxd4 17. Rxd4 Ne5 18. Rfd1 b5 19. Bf1 Bb7 20. Re1 Ng6 21. Rd7 Bd5 22. Nd4 Rfd8 23. Rxd8+ Rxd8 24. Nb3 Ne7 25. Rd1 Nc6 26. c3 Kf8 27. f3 Ke7 28. Nc1 Ne5 29. b3 Rc8 30. Ne2 Nd7 31. Kf2 Nb6 32. h3 Bb7 33. Rc1 Nd5 34. g4 a5 35. h4 Nb6 36. Nd4 b4 37. c4 Nd5 38. Ne2 Nb6 39. Nd4 Nd7 40. Bd3 Ne5 41. Be2 Rd8 42. Rd1 Ng6 43. Kg3 Nf8 44. Nb5 Rxd1 45. Bxd1 h6 46. h5 g6 47. Be2 gxh5 48. gxh5 Nh7 49. f4 Be4 50. Bd1 Nf6 51. Kh4 Bd3 52. Kg3 0-1

[Event "BCF-ch U12"]
[Site "Hull"]
[Date "2018.08.02"]
[Round "5"]
[White "Ray, Hiya"]
[Black "Jayawarna, Tarini"]
[Result "1-0"]
[WhiteElo "1688"]
[BlackElo "1457"]
[PlyCount "137"]
[EventDate "2018.07.29"]
[EventType "swiss"]
[EventRounds "7"]
[EventCountry "ENG"]
[SourceTitle "CBM 186 Extra"]
[Source "ChessBase"]
[SourceDate "2018.08.24"]
[SourceVersion "1"]
[SourceVersionDate "2018.08.24"]
[SourceQuality "1"]

1. d4 Nf6 2. c4 e6 3. Nf3 b6 4. g3 Bb7 5. Bg2 Be7 6. 0-0 0-0 7. Nbd2 d6 8. Qc2 Nbd7 9. b3 c5 10. e4 Qc7 11. d5 exd5 12. exd5 Rfe8 13. Bb2 Bf8 14. Rfe1 g6 15. Ng5 Bg7 16. Nge4 Nxe4 17. Nxe4 f6 18. Bh3 Ne5 19. Bxe5 dxe5 20. Rad1 f5 21. Nc3 a6 22. Qd2 Rad8 23. g4 f4 24. Ne4 Qe7 25. g5 h6 26. Be6+ Kh7 27. h4 hxg5 28. Nxg5+ Kh8 29. Qd3 Qf6 30. Nf7+ Kh7 31. Nxd8 Rxd8 32. Qh3 Rd6 33. Kh2 f3 34. Re3 Qf4+ 35. Qg3 Qxg3+ 36. Kxg3 Kh6 37. Rxf3 e4 38. Rf7 Be5+ 39. Kg2 e3 40. Rxb7 exf2 41. Kxf2 Bd4+ 42. Kg2 Rd8 43. Rf1 Rh8 44. Rff7 g5 45. hxg5+ Kxg5 46. Rxb6 Kh4 47. Rf1 Kg5 48. Bf7 Kh4 49. Rh1+ Kg4 50. Rxh8 Bxh8 51. d6 Bf6 52. d7 Bd8 53. Rb8 Bc7 54. d8Q Bxd8 55. Rxd8 Kf4 56. Re8 Kg4 57. Bd5 a5 58. Rf8 Kg5 59. Kf3 Kg6 60. Ke4 Kg7 61. Rf1 a4 62. bxa4 Kg6 63. Ke5 Kg7 64. a5 Kg6 65. a6 Kh7 66. Rg1 Kh8 67. a7 Kh7 68. a8Q Kh6 69. Qh8# 1-0

[Event "BCF-ch U10"]
[Site "Llandudno"]
[Date "2017.08.05"]
[Round "7"]
[White "Jayawarna, Tarini"]
[Black "Lindquist, James"]
[Result "1/2-1/2"]
[WhiteElo "1322"]
[BlackElo "1075"]
[PlyCount "49"]
[EventDate "2017.07.30"]
[EventType "swiss"]
[EventRounds "7"]
[EventCountry "WLS"]
[SourceTitle "CBM 179 Extra"]
[Source "ChessBase"]
[SourceDate "2017.08.23"]
[SourceVersion "1"]
[SourceVersionDate "2017.08.23"]
[SourceQuality "1"]

1. e4 e5 2. Nf3 Nc6 3. Bb5 a6 4. Ba4 Nf6 5. 0-0 Be7 6. Re1 b5 7. Bb3 d6 8. h3 0-0 9. c3 Na5 10. Bc2 c5 11. d4 Qc7 12. d5 Nc4 13. Nbd2 Nxd2 14. Bxd2 Nd7 15. Nh2 Nb6 16. b3 f5 17. Qh5 g6 18. Qh6 Qd8 19. Nf3 f4 20. h4 Bf6 21. Ng5 Qe7 22. g3 Qg7 23. Qxg7+ Bxg7 24. Kg2 h6 25. Nf3 1/2-1/2

[Event "BCF-ch U10"]
[Site "Llandudno"]
[Date "2017.08.03"]
[Round "5"]
[White "Lohia, Sohum"]
[Black "Jayawarna, Tarini"]
[Result "1-0"]
[WhiteElo "1120"]
[BlackElo "1322"]
[PlyCount "119"]
[EventDate "2017.07.30"]
[EventType "swiss"]
[EventRounds "7"]
[EventCountry "WLS"]
[SourceTitle "CBM 179 Extra"]
[Source "ChessBase"]
[SourceDate "2017.08.23"]
[SourceVersion "1"]
[SourceVersionDate "2017.08.23"]
[SourceQuality "1"]

1. e4 c6 2. d4 d5 3. exd5 cxd5 4. Bd3 Nc6 5. c3 e5 6. dxe5 Nxe5 7. Qe2 Qe7 8. Bb5+ Bd7 9. Bxd7+ Nxd7 10. Qxe7+ Bxe7 11. Nf3 Ngf6 12. Be3 0-0 13. 0-0 Bc5 14. Bxc5 Nxc5 15. Nbd2 Rfe8 16. Rfe1 Nd3 17. Rxe8+ Rxe8 18. b3 Ng4 19. Rf1 Re2 20. a4 Ndxf2 21. h3 Ne4 22. Nxe4 Ne3 23. Rf2 Rxf2 24. Kxf2 dxe4 25. Kxe3 exf3 26. Kxf3 Kf8 27. Ke4 Ke7 28. b4 Ke6 29. c4 f5+ 30. Kf4 a6 31. a5 h6 32. h4 Kf6 33. h5 g5+ 34. hxg6 Kxg6 35. b5 Kf6 36. bxa6 bxa6 37. c5 Ke6 38. c6 Kd6 39. Kxf5 Kxc6 40. Kg6 Kb5 41. Kxh6 Kxa5 42. g4 Kb4 43. g5 a5 44. g6 a4 45. g7 a3 46. g8Q Kc3 47. Qa2 Kb4 48. Kg5 Ka4 49. Kf4 Kb4 50. Ke4 Kc5 51. Qxa3+ Kc6 52. Qd3 Kc7 53. Qd5 Kb6 54. Qc4 Kb7 55. Qc5 Kb8 56. Qc6 Ka7 57. Qb5 Ka8 58. Kd5 Ka7 59. Kc6 Ka8 60. Qb7# 1-0